Statistics for 2020-21 NHL Season Rocket Race

Click here to take the quiz!

General Stats

  • This quiz has been taken 18 times
  • The average score is 22 of 25

Answer Stats

Goals ScoredAnswerPlayer #Player Team% Correct
26Aleksander Barkov16Panthers
100%
24Alexander Ovechkin8Capitals
100%
41Auston Matthews34Maple Leafs
100%
29Brad Marchand63Bruins
100%
33Connor McDavid97Oilers
100%
31Leon Draisaitl29Oilers
100%
23Patrice Bergeron37Bruins
100%
24Sebastian Aho20Hurricanes
100%
24Sidney Crosby87Penguins
100%
23Brayden Point21Lightning
94%
26Kyle Connor81Jets
94%
30Mikko Rantanen96Avalanche
94%
24Ryan O'Reilly90Blues
94%
32Alex DeBrincat12Blackhawks
88%
23Jake Guentzel59Penguins
88%
27Kirill Kaprizov97Wild
88%
24Max Pacioretty67Golden Knights
88%
23Brock Boeser6Canucks
82%
22T.J Oshie77Capitals
82%
25Joe Pavelski16Stars
76%
24Mika Zibanejad93Rangers
76%
22Bryan Rust17Penguins
71%
22Evander Kane91Sharks
71%
28Tyler Toffoli73Canadiens
71%
25Sam Reinhart13Sabres
35%

Score Distribution

Percentile by Number Answered

Percent of People with Each Score

Your Score History

You have not taken this quiz